000
00392nam a2200157Ia 4500
008
220531s9999 xx 000 0 und d
041
_a
mar
100
_a
अवचट अनिल
_9
55690
245
_a
वनात..जनात..
260
_b
Majestic
_c
2010
300
_a
152
542
_d
16-09-2010
650
_a
General
_9
55691
906
_d
2010-2011
999
_c
32149
_d
32149